UC Sampdoria Squad 2020-2021 - Statistics

General Stats
  • This quiz has been taken 27 times
    6 since last reset
  • The average score is 19 of 27
Answer Stats
# Position Nation Player % Correct
27 FW Italy Fabio Quagliarella
100%
38 FW Denmark Mikkel Damsgaard
100%
6 MF Sweden Albin Ekdal
80%
25 DF Italy Alex Ferrari
80%
- Coach Italy Claudio Ranieri
80%
1 GK Indonesia Emil Audero
80%
11 MF Uruguay Gastón Ramírez
80%
14 MF Czech Republic Jakub Jankto
80%
10 FW Senegal Keita Baldé
80%
23 FW Italy Manolo Gabbiadini
80%
22 DF Japan Maya Yoshida
80%
26 MF France Mehdi Léris
80%
18 MF Norway Morten Thorsby
80%
30 GK Italy Nicola Ravaglia
80%
15 DF Gambia Omar Colley
80%
5 MF Portugal Adrien Silva
60%
87 MF Italy Antonio Candreva
60%
24 DF Poland Bartosz Bereszyński
60%
16 MF Norway Kristoffer Askildsen
60%
21 DF Italy Lorenzo Tonelli
60%
3 DF Italy Tommaso Augello
60%
8 MF Italy Valerio Verre
60%
19 DF Italy Vasco Regini
60%
20 FW Italy Antonino La Gumina
40%
9 FW Venezuela Ernesto Torregrossa
40%
2 DF Brazil Kaique Rocha
40%
34 GK Croatia Karlo Letica
20%
No matching quizzes found
Score Distribution
Percent of People with Each Score
Percentile by Number Answered
Your Score History
You have not taken this quiz since the last reset